| 000 | 00432nam a2200157Ia 4500 | ||
|---|---|---|---|
| 008 | 210716s2002 xx 000 0 und d | ||
| 020 | _a70486417 | ||
| 041 | _aeng | ||
| 082 | _a005.73 HEIG | ||
| 100 | _aHeileman, Gregory L. | ||
| 245 | _aData structures algorithms and object oriented programming. | ||
| 250 | _a1 | ||
| 260 |
_aNew Delhi _bTata McGraw Hill Publishing Company Ltd _c2002 |
||
| 300 | _axvi,446 | ||
| 650 | _aNone | ||
| 999 |
_c185050 _d185050 |
||